[Event "ARG-ch sf U2300 Villa Maria 3rd"]
[Site "Villa Maria"]
[Date "2017.06.18"]
[Round "4.1"]
[White "Azcona, Juan"]
[Black "Koncurat, Tomas"]
[Result "1/2-1/2"]
[WhiteElo "1861"]
[BlackElo "1754"]
[PlyCount "59"]
[EventDate "2017.06.17"]
[EventType "swiss"]
[EventRounds "6"]
[EventCountry "ARG"]
[SourceTitle "EXT 2024"]
[Source "ChessBase"]
[SourceDate "2023.10.10"]
[SourceVersion "1"]
[SourceVersionDate "2023.10.10"]
[SourceQuality "1"]

1. e4 e6 2. d4 d5 3. Nc3 c6 4. Nf3 dxe4 5. Nxe4 Nf6 6. Ng3 Nbd7 7. Bd3 Bd6 8. 0-0 0-0 9. Re1 b6 10. Ne5 Bb7 11. Bg5 Qc7 12. Nxd7 Nxd7 13. Qh5 g6 14. Qh4 Rfe8 15. Ne4 Bf8 16. Re3 c5 17. Rh3 h5 18. g4 f5 19. gxh5 fxe4 20. hxg6 Bg7 21. Qh7+ Kf8 22. Bh6 Nf6 23. Qh8+ Ng8 24. Bb5 Re7 25. Kf1 a6 26. Be2 c4 27. Bg4 Bd5 28. Ke2 e5 29. Bxg7+ Rxg7 30. Rh5 1/2-1/2

[Event "ARG-ch sf U2300 Villa Maria 3rd"]
[Site "Villa Maria"]
[Date "2017.06.17"]
[Round "2.3"]
[White "Azcona, Juan"]
[Black "Reburdo, Rodrigo Hernan"]
[Result "1/2-1/2"]
[WhiteElo "1861"]
[BlackElo "1551"]
[PlyCount "80"]
[EventDate "2017.06.17"]
[EventType "swiss"]
[EventRounds "6"]
[EventCountry "ARG"]
[SourceTitle "EXT 2024"]
[Source "ChessBase"]
[SourceDate "2023.10.10"]
[SourceVersion "1"]
[SourceVersionDate "2023.10.10"]
[SourceQuality "1"]

1. e4 c5 2. Nf3 d6 3. d4 cxd4 4. Nxd4 Nf6 5. Nc3 a6 6. Be3 e5 7. Nb3 Be7 8. f3 Nbd7 9. g4 b5 10. g5 Nh5 11. Nd5 Bb7 12. h4 Bxd5 13. Qxd5 0-0 14. 0-0-0 Nb6 15. Qc6 Na4 16. Bh3 g6 17. Bg4 Ng7 18. f4 f5 19. gxf6 Bxf6 20. Rxd6 Qe7 21. Qd5+ Kh8 22. Rd7 Qe8 23. fxe5 Bxe5 24. Bd4 Bxd4 25. Qxd4 Rf7 26. e5 Rxd7 27. Bxd7 Qe7 28. h5 Nxh5 29. e6+ Kg8 30. Qg4 Nf6 31. Qh4 Qg7 32. Qd4 Nxd7 33. Qxg7+ Kxg7 34. exd7 Rd8 35. Rd1 Kf7 36. Rd6 Ke7 37. Rxa6 Rxd7 38. Rc6 Rd6 39. Rc7+ Rd7 40. Rc6 Rd6 1/2-1/2

[Event "ARG-ch sf U2300 Villa Maria 3rd"]
[Site "Villa Maria"]
[Date "2017.06.17"]
[Round "1.4"]
[White "Castro, Mateo"]
[Black "Azcona, Juan"]
[Result "0-1"]
[WhiteElo "1492"]
[BlackElo "1861"]
[PlyCount "40"]
[EventDate "2017.06.17"]
[EventType "swiss"]
[EventRounds "6"]
[EventCountry "ARG"]
[SourceTitle "EXT 2024"]
[Source "ChessBase"]
[SourceDate "2023.10.10"]
[SourceVersion "1"]
[SourceVersionDate "2023.10.10"]
[SourceQuality "1"]

1. e4 c5 2. Nf3 d6 3. d4 cxd4 4. Nxd4 Nf6 5. Nc3 g6 6. f3 Bg7 7. Be3 0-0 8. Qd2 Nc6 9. 0-0-0 d5 10. Nxc6 bxc6 11. exd5 cxd5 12. Nxd5 Nxd5 13. Qxd5 Qc7 14. Qc5 Qb7 15. Bd4 Bf5 16. Bd3 Rfc8 17. Qb5 Qxb5 18. Bxb5 Rxc2+ 19. Kb1 Bxd4 20. Rxd4 Rd2+ 0-1

[Event "ARG-ch sf U2300 Villa Maria 2nd"]
[Site "Villa Maria"]
[Date "2017.04.22"]
[Round "2.1"]
[White "Azcona, Juan"]
[Black "Marconi, Nicolas"]
[Result "0-1"]
[WhiteElo "1968"]
[BlackElo "1645"]
[PlyCount "66"]
[EventDate "2017.04.22"]
[EventType "swiss"]
[EventRounds "6"]
[EventCountry "ARG"]
[SourceTitle "EXT 2024"]
[Source "ChessBase"]
[SourceDate "2023.10.10"]
[SourceVersion "1"]
[SourceVersionDate "2023.10.10"]
[SourceQuality "1"]

1. e4 c5 2. Nc3 e6 3. Nf3 Nc6 4. d4 cxd4 5. Nxd4 a6 6. Nb3 Qc7 7. Bd3 Nf6 8. f4 d6 9. Be3 b5 10. g4 Be7 11. g5 Nd7 12. Qf3 Bb7 13. 0-0-0 Nb4 14. Kb1 Nxd3 15. cxd3 f5 16. Rc1 Nc5 17. Nxc5 dxc5 18. Qh3 0-0 19. Rhe1 Rad8 20. Rcd1 b4 21. Ne2 Rxd3 22. Rxd3 Bxe4 23. Bxc5 Bxc5 24. Ka1 Bxd3 25. Qxd3 Qb6 26. Ng3 Rd8 27. Qc4 g6 28. Ne2 Qd6 29. Nc1 Kf7 30. Nd3 Qd5 31. Qxc5 Qxd3 32. Rc1 Qd6 33. Qa7+ Rd7 0-1

[Event "ARG-ch sf U2300 Villa Maria 2nd"]
[Site "Villa Maria"]
[Date "2017.04.22"]
[Round "3.3"]
[White "Yorio, Alfredo"]
[Black "Azcona, Juan"]
[Result "1-0"]
[WhiteElo "1600"]
[BlackElo "1968"]
[PlyCount "101"]
[EventDate "2017.04.22"]
[EventType "swiss"]
[EventRounds "6"]
[EventCountry "ARG"]
[SourceTitle "EXT 2024"]
[Source "ChessBase"]
[SourceDate "2023.10.10"]
[SourceVersion "1"]
[SourceVersionDate "2023.10.10"]
[SourceQuality "1"]

1. d4 e5 2. dxe5 Nc6 3. Nf3 Qe7 4. e4 Nxe5 5. Nxe5 Qxe5 6. Bd3 Nf6 7. 0-0 Bc5 8. Nc3 d6 9. h3 h5 10. Qf3 g5 11. Nd5 Rh6 12. Nxf6+ Qxf6 13. Qxf6 Rxf6 14. Bxg5 Rg6 15. h4 f6 16. e5 Rxg5 17. hxg5 fxe5 18. Bg6+ Ke7 19. Bxh5 Bf5 20. c3 Rh8 21. Bf3 e4 22. Rae1 d5 23. Be2 Rg8 24. b4 Bb6 25. c4 c6 26. c5 Bc7 27. f4 Rd8 28. g3 d4 29. Bh5 e3 30. Rf2 Kf8 31. Rh2 Kg7 32. Kf1 Rh8 33. Rh4 Bd3+ 34. Re2 a5 35. Ke1 Bxe2 36. Kxe2 axb4 37. Kd3 Ra8 38. Rh2 Rd8 39. Bf3 b6 40. cxb6 Bxb6 41. Bxc6 Rc8 42. Rh6 Rh8 43. Rxh8 Kxh8 44. Bb5 Kg7 45. Ke4 Kg6 46. g4 Bc7 47. Bd3 Kg7 48. f5 Bd8 49. f6+ Kg6 50. Kf4+ Kf7 51. Kf5 1-0